000 00631nam a22002297a 4500
005 20170124110123.0
010 _aA-901851
020 _c00.00
035 _aA-901851
037 _bCen Lib/Ret
040 _aDPL
_bEN
082 _aN
_bKHI
100 _aKhisha, Mukur K.
_930964
245 _aAll that glisters /
_cby Mukur K. Khisha
246 _b
260 _bNew Delhi
_aVikas Publishing House
_c1996
270 _bNew Delhi
_a576 Masjid Road, Jangpura
_e110014
300 _aix,226p.
_c22cm(Hb)
650 _aTravel -- Fiction
_930965
650 _aAmericans -- India -- Fiction
_930966
942 _2ddc
_cEN
_hN
_mKHI
999 _c131140
_d131140